Statistics for World's Oldest Banks

Click here to take the quiz!

General Stats

  • This quiz has been taken 109 times
  • The average score is 3 of 20

Answer Stats

YearCountryBank% Correct
1690United KingdomBarclays
71%
1765United KingdomLloyds
58%
1727United KingdomRoyal Bank of Scotland
57%
1695United KingdomBank of Scotland
35%
1694United KingdomBank of England
33%
1783IrelandBank of Ireland
23%
1692United KingdomCoutts
12%
1472ItalyMonte dei Paschi di Siena
6%
1741SwitzerlandWegelin & Co
6%
1672United KingdomC. Hoare & Co
4%
1590GermanyBerenberg Bank
2%
1780SwitzerlandLandolt & Cie
2%
1668SwedenSveriges Riksbank
2%
1737NetherlandsVan Lanschot
2%
1717SpainBanco Etcheverría
1%
1755SwitzerlandBank Leu
1%
1796GermanyHauck & Aufhäuser
1%
1787SwitzerlandLa Roche & Co.
1%
1674GermanyMetzler Bank
1%
1785GermanyTrinkaus & Burkhardt
1%

Score Distribution

Percentile by Number Answered

Percent of People with Each Score

Your Score History

You have not taken this quiz